All Cities in Israel / כל ערי ישראל - Statistics

General Stats
  • This quiz has been taken 536 times
  • The average score is 51 of 82
Answer Stats
מחוז עיר % Correct
מרכז תל אביב - יפו
98%
ירושלים ירושלים
97%
צפון חיפה
96%
מרכז ראשון לציון
91%
מרכז פתח תקווה
90%
דרום באר שבע
90%
מרכז נתניה
89%
דרום אשדוד
89%
מרכז הרצליה
89%
דרום אילת
89%
דרום אשקלון
88%
צפון קרית שמונה
86%
מרכז חולון
84%
צפון נהריה
84%
מרכז בני ברק
83%
מרכז רמת גן
82%
מרכז כפר סבא
82%
צפון חדרה
80%
צפון עכו
80%
צפון טבריה
80%
מרכז בת ים
79%
מרכז רחובות
78%
מרכז מודיעין-מכבים-רעות
78%
ירושלים בית שמש
75%
מרכז הוד השרון
75%
מרכז רעננה
74%
מרכז לוד
73%
מרכז גבעתיים
73%
צפון צפת
73%
מרכז רמלה
71%
דרום קרית גת
71%
מרכז רמת השרון
69%
צפון נצרת
68%
מרכז קרית אונו
67%
דרום דימונה
67%
צפון עפולה
66%
צפון קרית אתא
66%
דרום שדרות
66%
צפון קרית ביאליק
65%
צפון קרית ים
64%
מרכז ראש העין
63%
מרכז יבנה
63%
דרום אופקים
62%
דרום ערד
62%
דרום נתיבות
61%
צפון קרית מוצקין
61%
מרכז נס ציונה
60%
צפון כרמיאל
60%
ירושלים אריאל
58%
צפון בית שאן
57%
דרום רהט
56%
מרכז יהוד-מונסון
56%
מרכז אור יהודה
55%
ירושלים מעלה אדומים
54%
מרכז אלעד
51%
צפון נוף הגליל
51%
דרום קרית מלאכי
51%
צפון אום אל-פחם
49%
מרכז גבעת שמואל
47%
צפון יקנעם עילית
45%
צפון נשר
45%
ירושלים ביתר עילית
44%
מרכז באר יעקב
44%
מרכז טירה
44%
צפון מעלות-תרשיחא
44%
ירושלים מודיעין עילית
43%
צפון אור עקיבא
42%
מרכז כפר קאסם
40%
מרכז גני תקווה
40%
צפון מגדל העמק
39%
צפון טירת הכרמל
38%
מרכז כפר יונה
38%
צפון חריש
37%
מרכז טייבה
36%
צפון סח׳נין
35%
צפון שפרעם
31%
צפון באקה אל-גרבייה
29%
מרכז קלנסווה
28%
צפון טמרה
25%
צפון כפר קרע
19%
צפון עראבה
17%
צפון מע׳אר
17%
No matching quizzes found
Score Distribution
Percent of People with Each Score
Percentile by Number Answered
Your Score History
You have not taken this quiz